|
|
|
|
| LEADER |
00000cam a2200000 a 4500 |
| 001 |
vtls001435868 |
| 003 |
SK-MaSNL |
| 005 |
20260302093957.0 |
| 008 |
240226s2001 xo al frnp 000 0 slo |
| 015 |
|
|
|a SNBA2002/09-03064
|
| 020 |
|
|
|a 8096818538
|
| 035 |
|
|
|a SNK000390959
|
| 035 |
|
|
|a urn:nbn:sk:snk-am3iqni
|
| 035 |
|
|
|a A6995F0E-26A5-4234-8559-AD84D9C2AECC
|
| 035 |
|
|
|a urn:nbn:sk:snk-am00fe7w
|
| 040 |
|
|
|a SNK
|b slo
|c SNK
|e AACR2
|
| 041 |
0 |
|
|a slo
|
| 044 |
|
|
|a xo
|c SK
|
| 072 |
|
7 |
|a 621.39
|x Oznamovacia technika
|2 konspekt
|
| 072 |
|
7 |
|a 654
|x Telekomunikácie a diaľkové riadenie
|2 konspekt
|
| 072 |
|
7 |
|a 37.016
|x Učebné osnovy. Vyučovacie predmety. Učebnice
|2 konspekt
|
| 080 |
|
|
|a 621.39:654:681.3(075.8)
|2 1981
|
| 080 |
|
|
|a 654(075.8)
|2 1981
|
| 080 |
|
|
|a 681.3(075.8)
|2 1981
|
| 080 |
|
|
|a 621.39
|2 2011
|
| 080 |
|
|
|a 004.032.6
|2 2011
|
| 080 |
|
|
|a 621.391
|2 2011
|
| 080 |
|
|
|a (075.8)
|2 2011
|
| 100 |
1 |
|
|a Repčík, Dušan,
|d 1950-
|4 aut
|9 205460
|
| 245 |
1 |
0 |
|a Multimediálne telekomunikácie
|c Dušan Repčík, Rastislav Lukáč
|
| 260 |
|
|
|a Liptovský Mikuláš
|b Vojenská akadémia
|c 2001
|
| 300 |
|
|
|a 137 strán
|b ilustrácie, schémy, tabuľky
|c 21 cm
|
| 500 |
|
|
|a Obsahuje zoznam skratiek
|
| 504 |
|
|
|a Bibliografia na strane 136-137
|
| 650 |
0 |
7 |
|a telekomunikačné siete
|2 SNKPH
|9 702
|
| 650 |
0 |
7 |
|a multimédiá
|2 SNKPH
|9 2022
|
| 650 |
0 |
7 |
|a signály
|2 SNKPH
|9 3970
|
| 650 |
0 |
7 |
|a telekomunikácia
|2 SNKPH
|9 105923
|
| 655 |
|
7 |
|a učebnice vysokých škôl
|2 SNKPH
|9 70191
|
| 700 |
1 |
|
|a Lukáč, Rastislav
|4 aut
|9 298148
|
| 919 |
|
|
|a 80-968185-3-8
|
| 958 |
|
|
|a TL
|
| 958 |
|
|
|a NB
|
| 958 |
|
|
|a UV
|
| 958 |
|
|
|a OND
|
| 999 |
|
|
|c 1211295
|d 1213225
|
| 952 |
|
|
|a SNK
|b SNK
|y PREZ
|7 0
|p 17A0347862
|o snkSC 108323
|i snkKSP 7567/2002
|0 0
|1 0
|4 0
|d 2002-06-13
|f 1
|l 0
|r 2025-09-29 00:00:00
|w 2026-02-24
|
| 952 |
|
|
|a SNK
|b SNK
|y VYP
|7 0
|p 17A0347863
|o snkSC 108323 D1
|i snkKSP 7568/2002
|0 0
|1 0
|4 0
|d 2002-06-13
|l 0
|r 2005-01-02 00:00:00
|w 2026-02-24
|